000 00381nam a22001697a 4500
005 20180809110510.0
008 160622b xxu||||| |||| 00| 0 eng d
020 _a978-0-07-0660
041 _aeng
082 _b8884
_a658.3
100 _aAswathapa, k
_91886
245 _aHuman Resource Management
260 _bTMH
300 _a697
650 _aManagement
_9241
942 _cBK
999 _c3477
_d3476